Dominicana el país del amor eterno : (Registro nro. 15346)

Detalles MARC
000 -CABECERA
campo de control de longitud fija 01885nam a2200325 i 4500
001 - NÚMERO DE CONTROL
campo de control 000020978
003 - IDENTIFICADOR DEL NÚMERO DE CONTROL
campo de control DO-SdBPM
005 - FECHA Y HORA DE LA ÚLTIMA TRANSACCIÓN
campo de control 20250821132542.0
007 - CAMPO FIJO DE DESCRIPCIÓN FÍSICA--INFORMACIÓN GENERAL
campo de control de longitud fija ta
008 - DATOS DE LONGITUD FIJA--INFORMACIÓN GENERAL
campo de control de longitud fija 100825s1983 dr ac r 001 0 spa d
040 ## - FUENTE DE LA CATALOGACIÓN
Centro catalogador/agencia de origen DO-SdBPM
Lengua de catalogación spa
Centro/agencia transcriptor BPMSU
Normas de descripción rda
Centro/agencia modificador
082 #4 - NÚMERO DE LA CLASIFICACIÓN DECIMAL DEWEY
Número de clasificación 972.93
Número de documento/Ítem C334d 1983
Número de edición 22
100 1# - ENTRADA PRINCIPAL--NOMBRE DE PERSONA
Nombre de persona Casado Soler, Ramón Rafael,
Término indicativo de función/relación autor
245 10 - MENCIÓN DE TÍTULO
Título Dominicana el país del amor eterno :
Resto del título testamento universal de un pueblo en la historia de su nombre /
Mención de responsabilidad, etc. Ramón Rafael Casado Soler.
246 14 - FORMA VARIANTE DE TÍTULO
Título propio/Titulo breve Dominicana el país del amor eterno
260 ## - PUBLICACIÓN, DISTRIBUCIÓN, ETC.
Lugar de publicación, distribución, etc.
Nombre del editor, distribuidor, etc.
Fecha de publicación, distribución, etc.
264 ## - PRODUCCIÓN, PUBLICACIÓN, DISTRIBUCIÓN, FABRICACIÓN Y COPYRIGHT
Producción, publicación, distribución, fabricación y copyright Santo Domingo :
Nombre del de productor, editor, distribuidor, fabricante Editora Taller,
Fecha de producción, publicación, distribución, fabricación o copyright 1983.
300 ## - DESCRIPCIÓN FÍSICA
Extensión 410 páginas :
Otras características físicas ilustraciones ;
Dimensiones 23 cm.
336 ## - TIPO DE CONTENIDO
Fuente rdacontent
Término de tipo de contenido texto
Código de tipo de contenido txt
337 ## - TIPO DE MEDIO
Fuente rdamedia
Nombre/término del tipo de medio sin mediación
Código del tipo de medio n
338 ## - TIPO DE SOPORTE
Fuente rdacarrier
Nombre/término del tipo de soporte volumen
Código del tipo de soporte nc
500 ## - NOTA GENERAL
Nota general Incluye referencias bibliográficas y notas al pie de las páginas.
505 0# - NOTA DE CONTENIDO CON FORMATO
Nota de contenido con formato Doctrina de la insularidad ecuménica, 7.-- Homenaje, 11.-- A Juan Pablo Duarte y Diez, 12.-- Advocación social infinita, 15.-- Salmo de la voz, 17.-- El Jazmín trinitario, 19.-- Introducción : signos de una nueva conciencia, 23.-- PRIMERA PARTE : CAMINO COLONIAL / CAPÍTULO I : El origen colonial, 31.-- CAPÍTULO II : El renuevo nacional, 55.-- SEGUNDA PARTE : ENTRELAZAMIENTO UNIVERSAL DE LA CIVILIZACIÓN / CAPÍTULO I : En lo autónomo : La nación, 101.-- CAPÍTULO II : En dominicana : la patria, 113.-- TERCERA PARTE : DOMINICANA : FUNDAMENTACION COSMICA DE LA MESOANTILLA / CAPÍTULO I : El nombre es el hombre, 121.-- CAPÍTULO II : La civilización planetaria, 167.-- APENDICES, 257.
590 ## - NOTA LOCAL (RLIN)
Nota local Inventariado, 2025/VM
651 #7 - PUNTO DE ACCESO ADICIONAL DE MATERIA--NOMBRE GEOGRÁFICO
Nombre geográfico República Dominicana
Subdivisión general Historia
651 #7 - PUNTO DE ACCESO ADICIONAL DE MATERIA--NOMBRE GEOGRÁFICO
Nombre geográfico República Dominicana
Subdivisión general Características nacionales
651 #7 - PUNTO DE ACCESO ADICIONAL DE MATERIA--NOMBRE GEOGRÁFICO
Nombre geográfico República Dominicana
Subdivisión general Vida social y costumbres
910 ## - DATOS DE OPCIÓN DEL USUARIO (OCLC)
Datos de opción del usuario VMateo V. Control de calidad BPMSU
942 ## - ELEMENTOS DE PUNTO DE ACCESO ADICIONAL (KOHA)
Fuente del sistema de clasificación o colocación Dewey Decimal Classification
Tipo de ítem Koha Libros
Existencias
Estado de retiro Estado de pérdida Fuente del sistema de clasificación o colocación No para préstamo Código de colección Localización permanente Ubicación/localización actual Fecha de adquisición Fuente de adquisición Total de préstamos Signatura topográfica completa Código de barras Fecha visto por última vez Precio válido a partir de Tipo de ítem Koha
    Dewey Decimal Classification   Colección Dominicana Biblioteca Pública Metropolitana Salomé Ureña Biblioteca Pública Metropolitana Salomé Ureña 08/21/2025 Barbara Suncar   BPMSU CD 972.93 C334d 1983 BPMSU25080061 08/21/2025 08/21/2025 Libros